[Event "Moscow Aeroflot op-A"]
[Site "Moscow"]
[Date "2024.03.06"]
[Round "8"]
[White "Ansat, Aldiyar"]
[Black "Yagupov, Igor"]
[Result "0-1"]
[WhiteElo "2437"]
[BlackElo "2290"]
[PlyCount "64"]
[EventDate "2024.03.03"]
[EventType "swiss"]
[EventRounds "9"]
[EventCountry "RUS"]
[SourceTitle "CB11_2024"]
[SourceDate "2024.03.13"]
[SourceVersion "1"]
[SourceVersionDate "2024.03.13"]
[SourceQuality "1"]

1. Nf3 d5 2. g3 c6 3. Bg2 Nf6 4. 0-0 Bg4 5. Ne5 Bf5 6. c4 e6 7. d4 Nbd7 8. Nc3 Be7 9. Qb3 Qb6 10. Qxb6 axb6 11. Nxd7 Kxd7 12. b3 dxc4 13. bxc4 Bb4 14. Nd1 Ra6 15. Bf4 Rha8 16. Ne3 Rxa2 17. Rxa2 Rxa2 18. Nxf5 exf5 19. Rb1 Ba5 20. Bf3 Ne4 21. Kf1 Rc2 22. c5 b5 23. Ra1 Bd2 24. e3 Bc3 25. Bxe4 fxe4 26. Ra7 Ke6 27. Rxb7 b4 28. Rb8 Kd5 29. Rd8+ Kc4 30. d5 Rc1+ 31. Kg2 Rd1 32. d6 b3 0-1

[Event "Moscow Aeroflot op-A"]
[Site "Moscow"]
[Date "2024.03.06"]
[Round "7"]
[White "Danielyan, Vahe"]
[Black "Ansat, Aldiyar"]
[Result "1-0"]
[WhiteElo "2335"]
[BlackElo "2437"]
[PlyCount "115"]
[EventDate "2024.03.03"]
[EventType "swiss"]
[EventRounds "9"]
[EventCountry "RUS"]
[SourceTitle "CB11_2024"]
[SourceDate "2024.03.13"]
[SourceVersion "1"]
[SourceVersionDate "2024.03.13"]
[SourceQuality "1"]

1. e4 c5 2. Nc3 Nc6 3. Bb5 Nd4 4. Bc4 g6 5. Nf3 Bg7 6. Nxd4 cxd4 7. Qf3 Nf6 8. e5 dxc3 9. dxc3 0-0 10. exf6 Bxf6 11. Bh6 Re8 12. 0-0-0 Rb8 13. Qg3 d6 14. h4 Bf5 15. h5 b5 16. Bb3 b4 17. hxg6 Bxg6 18. c4 Qc8 19. Bf4 Bg7 20. Bh6 Bh8 21. Be3 a5 22. c5 Qf5 23. Rd5 Qf6 24. Bd4 e5 25. Rxd6 Qf5 26. Be3 Ra8 27. Rh6 a4 28. Rhxg6+ hxg6 29. Bd5 b3 30. cxb3 axb3 31. Rxg6+ Kf8 32. Rg8+ Ke7 33. Rxe8+ Rxe8 34. Bxb3 Bf6 35. Qf3 Qd7 36. Qh5 Kf8 37. Qh6+ Bg7 38. Qd6+ Qxd6 39. Ba4 Rd8 40. cxd6 f5 41. b4 Kf7 42. Bc5 Bf8 43. d7 Bxc5 44. bxc5 Ke7 45. Bb5 Rh8 46. a4 e4 47. Kd2 Rh2 48. c6 Kd8 49. a5 Rxg2 50. a6 Rg8 51. Bc4 Rh8 52. Be6 f4 53. Bf5 Rh2 54. Kc3 Rxf2 55. Be6 Rf1 56. Kb2 Rf2+ 57. Ka3 Rf3+ 58. Bb3 1-0

[Event "Moscow Aeroflot op-A"]
[Site "Moscow"]
[Date "2024.03.03"]
[Round "2"]
[White "Ansat, Aldiyar"]
[Black "Efremov, Vladislav"]
[Result "1/2-1/2"]
[WhiteElo "2437"]
[BlackElo "2281"]
[PlyCount "50"]
[EventDate "2024.03.03"]
[EventType "swiss"]
[EventRounds "9"]
[EventCountry "RUS"]
[SourceTitle "CB11_2024"]
[SourceDate "2024.03.13"]
[SourceVersion "1"]
[SourceVersionDate "2024.03.13"]
[SourceQuality "1"]

1. e4 e5 2. Nf3 Nc6 3. Bb5 a6 4. Ba4 Nf6 5. 0-0 Be7 6. Re1 b5 7. Bb3 0-0 8. a4 b4 9. d4 d6 10. dxe5 dxe5 11. Nbd2 Bc5 12. h3 Qd6 13. Qe2 Na5 14. Nc4 Nxc4 15. Qxc4 a5 16. Qd3 Ba6 17. Qxd6 Bxd6 18. Bg5 Nd7 19. Bd5 Rac8 20. b3 Nc5 21. Rad1 Nd7 22. Be3 Rfd8 23. Ng5 Rf8 24. Ne6 fxe6 25. Bxe6+ Rf7 1/2-1/2

[Event "Wch Blitz"]
[Site "Samarkand"]
[Date "2023.12.30"]
[Round "15"]
[White "Ansat, Aldiyar"]
[Black "Kakabayaev, Mergen"]
[Result "1-0"]
[WhiteElo "2434"]
[BlackElo "2266"]
[PlyCount "62"]
[EventDate "2023.12.29"]
[EventType "swiss (blitz)"]
[EventRounds "21"]
[EventCountry "UZB"]
[SourceTitle "CB01_2024"]
[SourceDate "2024.01.03"]
[SourceVersion "1"]
[SourceVersionDate "2024.01.03"]
[SourceQuality "1"]

1. e4 e6 2. d4 d5 3. Nc3 Nf6 4. Bg5 Bb4 5. e5 h6 6. Bc1 Ne4 7. Qg4 g6 8. a3 Bxc3+ 9. bxc3 c5 10. Bd3 cxd4 11. Ne2 Nc6 12. Bxe4 dxe4 13. Qxe4 dxc3 14. 0-0 Qd5 15. Nxc3 Qxe4 16. Nxe4 b6 17. Rd1 Kf8 18. Rd6 Na5 19. Rd8+ Kg7 20. Rxh8 Kxh8 21. Bxh6 Bd7 22. Rd1 Bc6 23. Ng5 Kg8 24. Rd4 Rc8 25. h4 Bd5 26. Ne4 Bxe4 27. Rxe4 Rxc2 28. Bg5 Rc4 29. Re3 Rd4 30. Bf6 Nc4 31. Rh3 Rd1+ 1-0

[Event "Wch Blitz"]
[Site "Samarkand"]
[Date "2023.12.30"]
[Round "20"]
[White "Begmuratov, Khumoyun"]
[Black "Ansat, Aldiyar"]
[Result "1-0"]
[WhiteElo "2371"]
[BlackElo "2434"]
[PlyCount "130"]
[EventDate "2023.12.29"]
[EventType "swiss (blitz)"]
[EventRounds "21"]
[EventCountry "UZB"]
[SourceTitle "CB01_2024"]
[SourceDate "2024.01.03"]
[SourceVersion "1"]
[SourceVersionDate "2024.01.03"]
[SourceQuality "1"]

1. e4 c5 2. Nf3 Nc6 3. d4 cxd4 4. Nxd4 Nf6 5. Nc3 e5 6. Ndb5 d6 7. Bg5 a6 8. Na3 b5 9. Nd5 Be7 10. Bxf6 Bxf6 11. c3 Bg5 12. g3 0-0 13. Bg2 Rb8 14. Nc2 Be6 15. 0-0 Ne7 16. Nde3 Bxe3 17. Nxe3 b4 18. c4 Nc6 19. b3 a5 20. Qd2 a4 21. Nc2 Qb6 22. Kh1 Ra8 23. f4 exf4 24. gxf4 Qc5 25. f5 Bd7 26. f6 Rfe8 27. Rad1 axb3 28. axb3 Ra2 29. Qxd6 Qxd6 30. Rxd6 Rxc2 31. Rxd7 Rc3 32. e5 Nd8 33. Bd5 Rxb3 34. Re7 Rf8 35. fxg7 Kxg7 36. e6 Re3 37. Rb7 Nxe6 38. Rxb4 Re2 39. Rg1+ Kf6 40. Rf1+ Ke5 41. Bf3 Rc2 42. Rb5+ Kd4 43. Rf5 Rb8 44. Rd1+ Ke3 45. Re1+ Kf2 46. Rd1 Rxc4 47. Bd5+ Rf4 48. Bxe6 Rxf5 49. Bxf5 h5 50. Bh3 Re8 51. Rf1+ Ke2 52. Rxf7 Rb8 53. Bf1+ Ke3 54. Kg2 Rb2+ 55. Kg3 h4+ 56. Kh3 Rb4 57. Bg2 Ra4 58. Re7+ Kf2 59. Be4 Ra1 60. Kxh4 Ra5 61. Kg4 Ke3 62. Bf5+ Kd4 63. h4 Re5 64. Rxe5 Kxe5 65. Kg5 Kd5 1-0

[Event "Wch Blitz"]
[Site "Samarkand"]
[Date "2023.12.30"]
[Round "18"]
[White "Vescovi, Giovanni P"]
[Black "Ansat, Aldiyar"]
[Result "0-1"]
[WhiteElo "2584"]
[BlackElo "2434"]
[PlyCount "107"]
[EventDate "2023.12.29"]
[EventType "swiss (blitz)"]
[EventRounds "21"]
[EventCountry "UZB"]
[SourceTitle "CB01_2024"]
[SourceDate "2024.01.03"]
[SourceVersion "1"]
[SourceVersionDate "2024.01.03"]
[SourceQuality "1"]

1. Nf3 Nf6 2. c4 g6 3. Nc3 c5 4. e4 Nc6 5. g3 Bg7 6. Bg2 0-0 7. 0-0 d6 8. d3 Rb8 9. h3 a6 10. a4 Nd7 11. Be3 Nd4 12. Rb1 e6 13. Ne1 b6 14. Qd2 Bb7 15. b4 Ba8 16. Kh2 f5 17. Nc2 Qe7 18. f4 Kh8 19. bxc5 bxc5 20. Ne2 e5 21. fxe5 dxe5 22. Nc3 f4 23. Rxb8 Rxb8 24. gxf4 exf4 25. Bxd4 cxd4 26. Nd5 Bxd5 27. exd5 Rf8 28. Ne1 Nc5 29. Nf3 Qe3 30. Rd1 Rb8 31. Qc2 h6 32. Re1 Qxd3 33. Qxd3 Nxd3 34. Rd1 Nb2 35. Rb1 Bf8 36. Nxd4 Bd6 37. Kh1 Nxc4 38. Rc1 Ne3 39. Be4 Kg7 40. Rc6 Rb4 41. Rxd6 Rxd4 42. Rxg6+ Kf7 43. Re6 Rxa4 44. Bf3 Ra1+ 45. Kh2 Ra2+ 46. Kg1 Nf5 47. Bh5+ Kg7 48. d6 Rd2 49. Rg6+ Kh7 50. d7 Rxd7 51. Rxa6 Ng3 52. Bg6+ Kg7 53. Kg2 Rd1 54. Kf3 0-1

[Event "Wch Blitz"]
[Site "Samarkand"]
[Date "2023.12.29"]
[Round "10"]
[White "Akhmedov, David"]
[Black "Ansat, Aldiyar"]
[Result "1-0"]
[WhiteElo "2244"]
[BlackElo "2434"]
[PlyCount "75"]
[EventDate "2023.12.29"]
[EventType "swiss (blitz)"]
[EventRounds "21"]
[EventCountry "UZB"]
[SourceTitle "CB01_2024"]
[SourceDate "2024.01.03"]
[SourceVersion "1"]
[SourceVersionDate "2024.01.03"]
[SourceQuality "1"]

1. c4 g6 2. Nc3 Nf6 3. Nf3 Bg7 4. b3 0-0 5. Bb2 d6 6. d4 Nc6 7. e3 e5 8. Be2 Re8 9. a3 e4 10. Nd2 a5 11. g4 h6 12. h3 d5 13. cxd5 Nxd5 14. Ndxe4 Nxc3 15. Nxc3 Be6 16. Qc2 Bd7 17. 0-0-0 Qh4 18. Bc4 Ne7 19. f4 c6 20. e4 b5 21. Be2 b4 22. Na4 bxa3 23. Bxa3 Qg3 24. f5 Qe3+ 25. Kb1 Bxd4 26. Bc1 Qf2 27. Rhf1 Qg3 28. Rxd4 Ra7 29. Rd3 Qg2 30. Bb2 Rf8 31. Rfd1 gxf5 32. Rxd7 Rxd7 33. Rxd7 Ng6 34. Bd3 Qh1+ 35. Ka2 Qxh3 36. Qc3 f6 37. Bc4+ Kh8 38. Qxh3 1-0

[Event "Wch Blitz"]
[Site "Samarkand"]
[Date "2023.12.29"]
[Round "9"]
[White "Ansat, Aldiyar"]
[Black "Ganguly, Surya Shekhar"]
[Result "0-1"]
[WhiteElo "2434"]
[BlackElo "2578"]
[PlyCount "62"]
[EventDate "2023.12.29"]
[EventType "swiss (blitz)"]
[EventRounds "21"]
[EventCountry "UZB"]
[SourceTitle "CB01_2024"]
[SourceDate "2024.01.03"]
[SourceVersion "1"]
[SourceVersionDate "2024.01.03"]
[SourceQuality "1"]

1. e4 e5 2. Nf3 Nc6 3. Bb5 a6 4. Ba4 f5 5. d3 fxe4 6. dxe4 Nf6 7. Nc3 d6 8. h3 Be7 9. a3 0-0 10. Bb3+ Kh8 11. Be3 Qe8 12. Qd3 Qg6 13. 0-0-0 b5 14. g4 b4 15. axb4 Nxb4 16. Qc4 a5 17. Qxc7 Qe8 18. Rxd6 a4 19. Bc4 a3 20. bxa3 Rxa3 21. Kb2 Rxc3 22. Kxc3 Bxd6 23. Qa7 Nxe4+ 24. Kb2 Rxf3 25. Rd1 Qc6 26. Bb3 h6 27. g5 hxg5 28. Qa5 Rf8 29. h4 Be6 30. Qa4 Qc3+ 31. Kb1 Bxb3 0-1

[Event "Wch Blitz"]
[Site "Samarkand"]
[Date "2023.12.29"]
[Round "1"]
[White "Ansat, Aldiyar"]
[Black "Petrosian, Tigran L"]
[Result "1/2-1/2"]
[WhiteElo "2434"]
[BlackElo "2561"]
[PlyCount "365"]
[EventDate "2023.12.29"]
[EventType "swiss (blitz)"]
[EventRounds "21"]
[EventCountry "UZB"]
[SourceTitle "CB01_2024"]
[SourceDate "2024.01.03"]
[SourceVersion "1"]
[SourceVersionDate "2024.01.03"]
[SourceQuality "1"]

1. e4 g6 2. d4 Bg7 3. Nc3 a6 4. h4 h6 5. h5 g5 6. Nge2 d6 7. a4 e6 8. Be3 Nf6 9. Ng3 Nc6 10. Be2 Qe7 11. Qd2 Bd7 12. a5 Nh7 13. d5 Ne5 14. 0-0 g4 15. Bxh6 Bxh6 16. Qxh6 0-0-0 17. Qe3 Kb8 18. b4 Qg5 19. b5 Qxe3 20. fxe3 axb5 21. Bxb5 Ng5 22. a6 c6 23. Be2 Kc7 24. axb7 Rb8 25. Ba6 exd5 26. exd5 cxd5 27. Nxd5+ Kd8 28. Ra3 Bc6 29. e4 Ne6 30. Nb4 Kc7 31. Nxc6 Kxc6 32. Rb1 Nc5 33. Kf2 Kc7 34. Ke3 Nxb7 35. Rc3+ Nc5 36. Rxb8 Kxb8 37. Be2 Kc7 38. Ra3 Kb6 39. Kf4 Ncd7 40. Bxg4 Nf6 41. Be2 Ned7 42. Rd3 Kc7 43. Ra3 Kb6 44. Nf5 Nxh5+ 45. Bxh5 Rxh5 46. Nxd6 f6 47. Nf5 Nc5 48. Rh3 Ne6+ 49. Ke3 Rg5 50. Rh6 Kc6 51. Rxf6 Kd7 52. Rf7+ Kd8 53. g3 Rh5 54. Ra7 Rh1 55. Ra8+ Kd7 56. Ra7+ Kd8 57. Ra6 Re1+ 58. Kf2 Rxe4 59. Nd6 Rd4 60. c3 Rd1 61. Ne4 Ke7 62. Ra7+ Kf8 63. Kf3 Rf1+ 64. Kg4 Nd8 65. c4 Nc6 66. Rc7 Ne5+ 67. Kg5 Nf3+ 68. Kh5 Ne5 69. c5 Rf5+ 70. Kh4 Rf1 71. Nd6 Rc1 72. Kg5 Nd3 73. c6 Ne5 74. Rc8+ Ke7 75. Nf5+ Ke6 76. c7 Kd7 77. Ra8 Kxc7 78. Kf4 Nd3+ 79. Ke4 Nc5+ 80. Kd5 Nd3 81. Ra3 Nb4+ 82. Ke6 Re1+ 83. Kf7 Nd5 84. g4 Rg1 85. Ng3 Rg2 86. g5 Rf2+ 87. Kg7 Nf4 88. Re3 Kd7 89. g6 Nxg6 90. Kxg6 Kc6 91. Rc3+ Kd5 92. Nf5 Ke5 93. Rc5+ Ke4 94. Kf6 Ra2 95. Rc4+ Kd5 96. Rd4+ Kc5 97. Rd1 Re2 98. Nd4 Re8 99. Ne6+ Kc4 100. Ke5 Rh8 101. Ke4 Rh4+ 102. Nf4 Rg4 103. Rc1+ Kb4 104. Ke3 Rh4 105. Nd5+ Kb5 106. Kd3 Rh3+ 107. Ne3 Rh4 108. Nf5 Rg4 109. Nd4+ Kb6 110. Kc4 Rg8 111. Kd5 Rd8+ 112. Ke5 Rh8 113. Ne6 Rh2 114. Kd5 Rd2+ 115. Nd4 Rh2 116. Rb1+ Kc7 117. Ne6+ Kd7 118. Rb7+ Ke8 119. Ra7 Rd2+ 120. Nd4 Rd1 121. Rb7 Kf8 122. Ke5 Ke8 123. Nf5 Kd8 124. Rh7 Re1+ 125. Kd5 Rd1+ 126. Nd4 Ke8 127. Ra7 Kd8 128. Ke5 Ke8 129. Nc6 Kf8 130. Ke6 Rb1 131. Ne5 Rb6+ 132. Kf5 Ke8 133. Nc4 Rh6 134. Ke5 Rh5+ 135. Kd6 Rh6+ 136. Kd5 Rh1 137. Rg7 Kf8 138. Rc7 Rc1 139. Ra7 Rh1 140. Kd6 Rh6+ 141. Kc5 Rh5+ 142. Kd4 Rh4+ 143. Kd5 Rh1 144. Ne5 Rh6 145. Ra8+ Ke7 146. Ra7+ Ke8 147. Nf7 Rh1 148. Ke6 Kf8 149. Nd6 Rh6+ 150. Ke5 Rh1 151. Nf5 Rb1 152. Ke6 Rb6+ 153. Nd6 Kg8 154. Ke5 Rb1 155. Kf6 Rb6 156. Rd7 Rb1 157. Nf5 Rb6+ 158. Nd6 Rb1 159. Re7 Rb6 160. Re6 Kh7 161. Re7+ Kh6 162. Rd7 Kh5 163. Kf5 Kh4 164. Ne4 Kh3 165. Kf4 Kg2 166. Rd2+ Kf1 167. Kf3 Rb3+ 168. Kf4 Ra3 169. Rc2 Ke1 170. Nc3 Ra8 171. Ke3 Kf1 172. Nd5 Ra3+ 173. Ke4 Ke1 174. Nc3 Ra8 175. Kf3 Rf8+ 176. Ke3 Kf1 177. Nd5 Re8+ 178. Kf3 Ke1 179. Ra2 Kd1 180. Nc3+ Kc1 181. Ne4 Rh8 182. Ke3 Rh3+ 183. Kd4 1/2-1/2

[Event "Wch Blitz"]
[Site "Samarkand"]
[Date "2023.12.29"]
[Round "11"]
[White "Ansat, Aldiyar"]
[Black "Pichot, Alan"]
[Result "1-0"]
[WhiteElo "2434"]
[BlackElo "2651"]
[PlyCount "117"]
[EventDate "2023.12.29"]
[EventType "swiss (blitz)"]
[EventRounds "21"]
[EventCountry "UZB"]
[SourceTitle "CB01_2024"]
[SourceDate "2024.01.03"]
[SourceVersion "1"]
[SourceVersionDate "2024.01.03"]
[SourceQuality "1"]

1. e4 e5 2. Nf3 Nc6 3. Bb5 a6 4. Ba4 Nf6 5. 0-0 b5 6. Bb3 Bc5 7. a4 Rb8 8. Nxe5 Nxe5 9. d4 Bxd4 10. Qxd4 d6 11. f4 Nc6 12. Qc3 Ne7 13. axb5 axb5 14. Qd3 c5 15. c4 Be6 16. Nc3 bxc4 17. Bxc4 0-0 18. Kh1 Bxc4 19. Qxc4 Rb4 20. Qe2 d5 21. e5 Ne4 22. f5 Nxc3 23. bxc3 Re4 24. Qf2 Nc6 25. f6 Nxe5 26. Qxc5 Nd7 27. Qxd5 Nxf6 28. Qxd8 Rxd8 29. Bg5 Re6 30. Rae1 Rc8 31. Bxf6 gxf6 32. Rc1 Rc4 33. Rf3 Kg7 34. h3 Rec6 35. Kh2 Kg6 36. Rc2 h5 37. Kg3 h4+ 38. Kf2 f5 39. Ke3 Kg5 40. Kd3 f4 41. Rf1 Kf5 42. Ra1 R6c5 43. Ra7 f6 44. Rh7 Kg5 45. Rg7+ Kf5 46. Rg4 Re4 47. c4 Rc7 48. Rxh4 Ke5 49. Rh5+ f5 50. c5 Rd4+ 51. Ke2 Rd5 52. c6 Rd6 53. Rc5+ Kd4 54. Rhxf5 Re6+ 55. Kf3 Rd6 56. Rc1 Re6 57. Kxf4 Kd3 58. Rd5+ Ke2 59. Re5+ 1-0

[Event "Wch Blitz"]
[Site "Samarkand"]
[Date "2023.12.29"]
[Round "2"]
[White "Demchenko, Anton"]
[Black "Ansat, Aldiyar"]
[Result "1/2-1/2"]
[WhiteElo "2609"]
[BlackElo "2434"]
[PlyCount "148"]
[EventDate "2023.12.29"]
[EventType "swiss (blitz)"]
[EventRounds "21"]
[EventCountry "UZB"]
[SourceTitle "CB01_2024"]
[SourceDate "2024.01.03"]
[SourceVersion "1"]
[SourceVersionDate "2024.01.03"]
[SourceQuality "1"]

1. e4 c5 2. Nc3 Nc6 3. Bb5 Nd4 4. a4 g6 5. d3 Bg7 6. Nf3 e6 7. a5 Ne7 8. Bf4 a6 9. Ba4 b5 10. axb6 Qxb6 11. Rb1 0-0 12. 0-0 d5 13. Re1 Bb7 14. Bg5 f6 15. Bd2 Rfd8 16. exd5 Nxd5 17. Nxd5 Bxd5 18. Nxd4 cxd4 19. c4 dxc3 20. bxc3 Qc7 21. c4 Bc6 22. Ba5 Qxa5 23. Bxc6 Rac8 24. Rxe6 Kh8 25. g3 f5 26. Bd5 Rc7 27. Qe2 Rf8 28. Re8 Rc8 29. Rxf8+ Rxf8 30. Rb7 f4 31. Rf7 Qc5 32. Rxf4 Rxf4 33. gxf4 Qf8 34. Qe3 Qf5 35. Be6 Qf6 36. c5 Bh6 37. c6 Bxf4 38. Qe4 a5 39. d4 a4 40. Bc4 a3 41. Qd5 Kg7 42. Kg2 Bd6 43. Qe6 Qxd4 44. Qd7+ Kh6 45. Qh3+ Kg7 46. Qd7+ Kh6 47. Qh3+ Kg7 48. Qd7+ Kh6 49. Qh3+ Kg7 50. Qd7+ Kh6 51. Qh3+ Kg5 52. Qe3+ Qf4 53. Qxf4+ Kxf4 54. h3 Ke4 55. Bg8 h6 56. f3+ Kd4 57. h4 Kc5 58. Kf2 Kxc6 59. Ke2 Bg3 60. Kd3 Bxh4 61. Kc2 Bg3 62. Bf7 g5 63. Kb3 Bd6 64. Bh5 Kc5 65. Kxa3 Kd4+ 66. Kb3 Ke3 67. Kc4 Kf4 68. Kd5 Ba3 69. Ke6 Kg3 70. Kf5 Kh4 71. Kg6 Bc1 72. Bg4 Bd2 73. Kxh6 Bf4 74. Kg6 Kg3 1/2-1/2

[Event "Wch Blitz"]
[Site "Samarkand"]
[Date "2023.12.29"]
[Round "4"]
[White "Yakubboev, Nodirbek"]
[Black "Ansat, Aldiyar"]
[Result "1-0"]
[WhiteElo "2661"]
[BlackElo "2434"]
[PlyCount "81"]
[EventDate "2023.12.29"]
[EventType "swiss (blitz)"]
[EventRounds "21"]
[EventCountry "UZB"]
[SourceTitle "CB01_2024"]
[SourceDate "2024.01.03"]
[SourceVersion "1"]
[SourceVersionDate "2024.01.03"]
[SourceQuality "1"]

1. d4 Nf6 2. Bg5 Ne4 3. Bf4 d5 4. e3 c5 5. Bd3 g6 6. c3 Bg7 7. Nd2 Nxd2 8. Qxd2 Qb6 9. Nf3 Nc6 10. h3 0-0 11. 0-0 Re8 12. Ne5 Be6 13. Nxc6 Qxc6 14. b4 c4 15. Bc2 a5 16. Rfb1 axb4 17. Rxb4 Ra3 18. Qc1 Rea8 19. Qb2 Bc8 20. Rb6 Qe8 21. e4 e5 22. Bxe5 Bxe5 23. dxe5 dxe4 24. Rb5 Bf5 25. Rc5 Qe7 26. Rxc4 Qxe5 27. Bb3 e3 28. Re1 exf2+ 29. Qxf2 Qd6 30. Rd4 Qf8 31. Rf4 Qg7 32. Re7 Rf8 33. g4 Qf6 34. Re3 Qg5 35. h4 Qd8 36. gxf5 Kg7 37. fxg6 hxg6 38. Rxf7+ Rxf7 39. Qxf7+ Kh6 40. Qf4+ Kg7 41. Qd4+ 1-0

[Event "Wch Rapid"]
[Site "Samarkand"]
[Date "2023.12.28"]
[Round "11"]
[White "Khismatullin, Denis Rimovich"]
[Black "Ansat, Aldiyar"]
[Result "1/2-1/2"]
[WhiteElo "2579"]
[BlackElo "2434"]
[PlyCount "127"]
[EventDate "2023.12.26"]
[EventType "swiss (rapid)"]
[EventRounds "13"]
[EventCountry "UZB"]
[SourceTitle "CB01_2024"]
[SourceDate "2024.01.03"]
[SourceVersion "1"]
[SourceVersionDate "2024.01.03"]
[SourceQuality "1"]

1. Nf3 Nf6 2. c4 c5 3. d4 cxd4 4. Nxd4 d5 5. cxd5 Nxd5 6. e4 Nb4 7. Be3 a6 8. Qa4+ N8c6 9. a3 Bd7 10. Nxc6 Nxc6 11. Nc3 e5 12. Qd1 Be6 13. g3 Nd4 14. Bxd4 exd4 15. Ne2 Bc5 16. Nf4 0-0 17. Rc1 Ba7 18. Bd3 Bd7 19. 0-0 Rc8 20. Rxc8 Qxc8 21. Re1 Re8 22. Qb3 b5 23. e5 Bb8 24. Qd5 Bc6 25. Qxd4 Bf3 26. Bxh7+ Kxh7 27. Qd3+ Kg8 28. Qxf3 Bxe5 29. Nd5 Qd7 30. Rd1 Qe6 31. Kg2 Rd8 32. b3 a5 33. a4 bxa4 34. bxa4 Rd7 35. h4 g6 36. Qe4 Rd6 37. Nc7 Qd7 38. Rxd6 Qxd6 39. Nd5 Kg7 40. Ne3 Bf6 41. h5 Qb4 42. Qxb4 axb4 43. hxg6 b3 44. Nc4 Kxg6 45. Kf3 Bc3 46. Ke4 b2 47. Na3 Be1 48. Ke3 Kf5 49. Ke2 Bb4 50. Nb1 Ke4 51. f3+ Kd4 52. g4 Ba5 53. g5 Bd8 54. Kd2 Bxg5+ 55. Kc2 Ke3 56. Kxb2 Kxf3 57. Kc2 Bd8 58. Kd3 f5 59. Nd2+ Kg2 60. Ke2 f4 61. Nf3 Ba5 62. Nh4+ Kg3 63. Nf5+ Kg2 64. Nh4+ 1/2-1/2

[Event "Wch Rapid"]
[Site "Samarkand"]
[Date "2023.12.27"]
[Round "6"]
[White "Ansat, Aldiyar"]
[Black "Riazantsev, Alexander"]
[Result "1-0"]
[WhiteElo "2434"]
[BlackElo "2616"]
[PlyCount "47"]
[EventDate "2023.12.26"]
[EventType "swiss (rapid)"]
[EventRounds "13"]
[EventCountry "UZB"]
[SourceTitle "CB01_2024"]
[SourceDate "2024.01.03"]
[SourceVersion "1"]
[SourceVersionDate "2024.01.03"]
[SourceQuality "1"]

1. e4 e5 2. Nf3 Nc6 3. Bb5 a6 4. Ba4 Nf6 5. 0-0 Be7 6. Re1 b5 7. Bb3 0-0 8. a4 d5 9. axb5 dxe4 10. bxc6 exf3 11. Qxf3 e4 12. Qe2 Bd6 13. d4 exd3 14. Qxd3 Ng4 15. h3 Bh2+ 16. Kf1 Qxd3+ 17. cxd3 Ne5 18. d4 Nd3 19. Rd1 Nxc1 20. Rxc1 Rb8 21. Rc3 Rd8 22. Nd2 Rxd4 23. Nf3 Rdb4 24. Nxh2 1-0

[Event "Wch Rapid"]
[Site "Samarkand"]
[Date "2023.12.26"]
[Round "2"]
[White "Ansat, Aldiyar"]
[Black "Sargsyan, Shant"]
[Result "1-0"]
[WhiteElo "2434"]
[BlackElo "2634"]
[PlyCount "129"]
[EventDate "2023.12.26"]
[EventType "swiss (rapid)"]
[EventRounds "13"]
[EventCountry "UZB"]
[SourceTitle "CB01_2024"]
[SourceDate "2024.01.03"]
[SourceVersion "1"]
[SourceVersionDate "2024.01.03"]
[SourceQuality "1"]

1. e4 e5 2. Nf3 Nc6 3. Bb5 a6 4. Ba4 Nf6 5. 0-0 Be7 6. Re1 b5 7. Bb3 0-0 8. a4 b4 9. d4 d6 10. dxe5 Nxe5 11. Nbd2 Nfd7 12. Nd4 Bb7 13. Nf5 Bf6 14. Nc4 Nxc4 15. Bxc4 a5 16. Re3 Ne5 17. Bd5 Bxd5 18. Qxd5 Qd7 19. Rg3 Qe6 20. Bg5 Bxg5 21. Rxg5 g6 22. Ne3 Qxd5 23. Nxd5 f6 24. Rg3 c6 25. Ne3 Rfe8 26. h4 Nd7 27. h5 Rxe4 28. hxg6 hxg6 29. Rxg6+ Kh7 30. Rg3 Rg8 31. Rxg8 Kxg8 32. Rd1 d5 33. Nxd5 cxd5 34. Rxd5 Ne5 35. Rxa5 Re1+ 36. Kh2 Re2 37. Rb5 Rxc2 38. Rxb4 Rxf2 39. a5 Rf1 40. Ra4 Nc6 41. a6 Na7 42. Rb4 Rb1 43. Rb8+ Kf7 44. Rb7+ Ke6 45. Rxa7 Rxb2 46. Ra8 Ra2 47. a7 Kf5 48. Kg3 Ra4 49. Kf3 Ra3+ 50. Ke2 Kf4 51. g3+ Kf5 52. g4+ Kf4 53. g5 Ra2+ 54. Kd3 Ra3+ 55. Kc4 fxg5 56. Rf8+ Ke3 57. a8Q Rxa8 58. Rxa8 g4 59. Re8+ Kf2 60. Rf8+ Ke2 61. Rg8 Kf3 62. Kd3 g3 63. Rf8+ Kg2 64. Ke2 Kh1 65. Rg8 1-0

[Event "Wch Rapid"]
[Site "Samarkand"]
[Date "2023.12.26"]
[Round "5"]
[White "Kovalev, Vladislav"]
[Black "Ansat, Aldiyar"]
[Result "1-0"]
[WhiteElo "2582"]
[BlackElo "2434"]
[PlyCount "133"]
[EventDate "2023.12.26"]
[EventType "swiss (rapid)"]
[EventRounds "13"]
[EventCountry "UZB"]
[SourceTitle "CB01_2024"]
[SourceDate "2024.01.03"]
[SourceVersion "1"]
[SourceVersionDate "2024.01.03"]
[SourceQuality "1"]

1. e4 c5 2. Nf3 Nc6 3. Nc3 e5 4. Bc4 Be7 5. d3 d6 6. Nd2 Nf6 7. Nf1 Bg4 8. f3 Be6 9. Ne3 0-0 10. a3 a6 11. 0-0 b5 12. Ba2 Nd4 13. Ncd5 Nxd5 14. Nxd5 Ra7 15. c3 Nc6 16. Be3 Bg5 17. Bf2 Rb7 18. b4 cxb4 19. axb4 Kh8 20. Qe2 Bc8 21. d4 Be6 22. dxe5 dxe5 23. Bc5 Re8 24. Rfd1 Rd7 25. Nb6 Rd2 26. Rxd2 Qxd2 27. Qxd2 Bxd2 28. Bxe6 fxe6 29. Ra3 Rd8 30. Kf1 h5 31. Ke2 h4 32. Bf2 Bg5 33. Be3 Bxe3 34. Kxe3 Rd6 35. Nc8 Rd8 36. Nb6 Rd6 37. Nc8 Rd8 38. Nb6 Rd6 39. Nc8 Rd8 40. Nb6 Nb8 41. c4 Rd6 42. Nc8 Rd8 43. cxb5 axb5 44. Ne7 Kh7 45. Ra7 Rd1 46. Rb7 Na6 47. Rxb5 Kh6 48. Rb6 Nc7 49. Rc6 Rd7 50. Nc8 Kg5 51. Nb6 Re7 52. Rc5 Kf6 53. b5 Ne8 54. Nc4 Rb7 55. b6 Rb8 56. Nxe5 Rb7 57. Nc4 Ke7 58. e5 Kd7 59. Kf4 h3 60. g4 Rb8 61. Kg3 g5 62. Kxh3 Ra8 63. Kg3 Ra1 64. h4 gxh4+ 65. Kxh4 Rf1 66. Kg3 Rb1 67. Kf4 1-0

[Event "Wch Rapid"]
[Site "Samarkand"]
[Date "2023.12.26"]
[Round "1"]
[White "Paravyan, David"]
[Black "Ansat, Aldiyar"]
[Result "0-1"]
[WhiteElo "2612"]
[BlackElo "2434"]
[PlyCount "94"]
[EventDate "2023.12.26"]
[EventType "swiss (rapid)"]
[EventRounds "13"]
[EventCountry "UZB"]
[SourceTitle "CB01_2024"]
[SourceDate "2024.01.03"]
[SourceVersion "1"]
[SourceVersionDate "2024.01.03"]
[SourceQuality "1"]

1. e4 c5 2. Nf3 Nc6 3. d4 cxd4 4. Nxd4 Nf6 5. Nc3 e5 6. Ndb5 d6 7. Bg5 a6 8. Na3 b5 9. Nd5 Be7 10. Bxf6 Bxf6 11. c3 Bg5 12. Nc2 Rb8 13. a3 0-0 14. h4 Bh6 15. g4 Bf4 16. Qf3 Be6 17. Rd1 Bxd5 18. Rxd5 Ne7 19. Rd1 a5 20. Be2 Rb6 21. Kf1 d5 22. exd5 f5 23. g5 Ng6 24. Qh3 e4 25. Nd4 Qxd5 26. h5 Ne7 27. g6 Qe5 28. Qh4 h6 29. Nc2 Bg5 30. Qh3 f4 31. Bg4 e3 32. Qf3 Qf6 33. Kg2 Nc6 34. Qd5+ Kh8 35. fxe3 Ne5 36. Kh3 Nxg4 37. Kxg4 Rd6 38. Qe4 Re6 39. Qd3 Re5 40. Rhf1 Qe6+ 41. Kf3 fxe3+ 42. Kg3 Bh4+ 43. Kh2 Bg3+ 44. Kg2 Bf2 45. Qd7 Rg5+ 46. Kh2 Rxh5+ 47. Kg2 Qxg6+ 0-1

[Event "KAZ-ch"]
[Site "Astana"]
[Date "2023.12.17"]
[Round "6"]
[White "Ansat, Aldiyar"]
[Black "Agmanov, Zhandos"]
[Result "1/2-1/2"]
[WhiteElo "2434"]
[BlackElo "2460"]
[PlyCount "40"]
[EventDate "2023.12.13"]
[EventType "tourn"]
[EventRounds "13"]
[EventCountry "KAZ"]
[EventCategory "6"]
[SourceTitle "CB52_2023"]
[SourceDate "2023.12.27"]
[SourceVersion "1"]
[SourceVersionDate "2023.12.27"]
[SourceQuality "1"]

1. e4 e5 2. Nf3 Nc6 3. Bb5 a6 4. Ba4 Nf6 5. 0-0 Nxe4 6. d4 b5 7. Bb3 d5 8. dxe5 Be6 9. Qe2 Be7 10. Rd1 0-0 11. c4 bxc4 12. Bxc4 Bc5 13. Be3 Bxe3 14. Qxe3 Qb8 15. Bb3 Na5 16. Bxd5 Bxd5 17. Rxd5 Qxb2 18. Qd4 Qc1+ 19. Qd1 Qb2 20. Qd4 Qc1+ 1/2-1/2